[Event "Alberta-ch U12"]
[Site "Calgary CAN"]
[Date "2017.02.26"]
[Round "3"]
[White "Ivanescu, Mark"]
[Black "Zhao, Ian"]
[Result "1/2-1/2"]
[WhiteElo "1709"]
[BlackElo "1836"]
[WhiteFideId "-1"]
[WhiteFideId "-1"]
[PlyCount "56"]
[GameId "2160767908478426"]
[EventDate "2017.02.24"]
[EventType "swiss"]
[EventRounds "5"]
[EventCountry "CAN"]

1. d4 Nf6 2. Nf3 g6 3. Bf4 Bg7 4. e3 d6 5. Bd3 O-O 6. Nbd2 c5 7. c3 b6 8. Qc2 Bb7 9. O-O Nbd7 10. Rfe1 Re8 11. Bc4 e5 12. dxe5 dxe5 13. Bg3 h6 14. e4 a6 15. a4 Qe7 16. Qb3 Bc6 17. Nxe5 Nxe5 18. Bxe5 Qb7 19. Bxf6 Bxf6 20. Bd5 Rad8 21. Bxc6 Qxc6 22. Qc2 Re6 23. Rad1 Qc7 24. Nc4 Rde8 25. f3 Qf4 26. Qd2 Qxd2 27. Rxd2 Bg5 28. Rd7 f5 1/2-1/2

[Event "Anatoly Karpov"]
[Site "Trois-Rivieres CAN"]
[Date "2017.03.13"]
[Round "2"]
[White "Cormier, Roger"]
[Black "Lemyre, Jasmin"]
[Result "0-1"]
[WhiteElo "930"]
[BlackElo "1239"]
[WhiteFideId "-1"]
[WhiteFideId "-1"]
[PlyCount "68"]
[GameId "2160767908478390"]
[EventDate "2017.02.27"]
[EventType "swiss"]
[EventRounds "7"]
[EventCountry "CAN"]

1. d4 d5 2. c4 dxc4 3. Nc3 e5 4. d5 Bb4 5. Bd2 Nf6 6. e4 c6 7. Bxc4 cxd5 8. exd5 Nbd7 9. Nge2 Nb6 10. Qb3 Nxc4 11. Qxc4 Bd6 12. O-O O-O 13. a3 b6 14. Rad1 Bb7 15. Bg5 Rc8 16. Qb3 Be7 17. Rd2 Nd7 18. Bxe7 Qxe7 19. d6 Qg5 20. Ne4 Bxe4 21. g3 Qxd2 22. Qe3 Qxe3 23. fxe3 Rc2 24. Nc3 Bb7 25. e4 Rxb2 26. Nd5 Bxd5 27. exd5 Rd2 28. Rc1 Nc5 29. Rf1 Rxd5 30. Rf5 f6 31. h4 Rxd6 32. g4 g6 33. Rf2 Rd1+ 34. Kg2 Rfd8 0-1

[Event "Annex CC Get Your Skates On"]
[Site "Toronto CAN"]
[Date "2017.12.04"]
[Round "1"]
[White "Kalmanson, Evgeny"]
[Black "Saltat, Michael"]
[Result "1/2-1/2"]
[WhiteElo "1346"]
[BlackElo "1503"]
[WhiteFideId "-1"]
[WhiteFideId "-1"]
[PlyCount "116"]
[GameId "2160767908300538"]
[EventDate "2017.12.04"]
[EventType "swiss"]
[EventRounds "5"]
[EventCountry "CAN"]

1. e4 d5 2. exd5 Qxd5 3. d4 Nf6 4. c4 Qd8 5. Nc3 Bf5 6. Nf3 e6 7. Be2 Be7 8. O-O Nbd7 9. h3 c6 10. d5 Qc7 11. Nd4 Bg6 12. dxe6 Nf8 13. exf7+ Bxf7 14. Nf5 Ne6 15. Nxe7 Qxe7 16. Be3 O-O 17. Qc2 a6 18. a3 b5 19. b4 Rac8 20. c5 Rfe8 21. a4 Nc7 22. Bf3 Bd5 23. Nxd5 Ncxd5 24. Bd2 Qe5 25. Rfe1 Qd4 26. Rxe8+ Rxe8 27. Re1 Rxe1+ 28. Bxe1 Nxb4 29. Bxb4 Qxb4 30. Bxc6 Qxa4 31. Qxa4 bxa4 32. Bxa4 Kf8 33. Kf1 Nd5 34. Ke1 Ke7 35. Kd2 Nf4 36. Bc6 Ne6 37. Be4 h6 38. c6 Kd6 39. Kc3 g5 40. Kb4 Nd4 41. Ka5 Nxc6+ 42. Kxa6 Nb4+ 43. Kb5 Nd5 44. Kc4 Nf4 45. Kd4 h5 46. Ke3 Ke5 47. Bb7 h4 48. Kf3 Kf6 49. Kg4 Nd3 50. Kf3 Nf4 51. Bc8 Nd3 52. g3 Ne5+ 53. Ke4 hxg3 54. fxg3 Ng6 55. Ba6 Ne5 56. Be2 Ng6 57. Bh5 Ne5 58. Be8 Nc4 1/2-1/2

[Event "Annex CC Get Your Skates On"]
[Site "Toronto CAN"]
[Date "2017.12.04"]
[Round "1"]
[White "Ramesh, Bharath"]
[Black "Dison, Javier"]
[Result "1-0"]
[WhiteElo "1627"]
[BlackElo "1448"]
[WhiteFideId "-1"]
[WhiteFideId "-1"]
[PlyCount "57"]
[GameId "2160767908300539"]
[EventDate "2017.12.04"]
[EventType "swiss"]
[EventRounds "5"]
[EventCountry "CAN"]

1. c4 e5 2. g3 Nf6 3. Nc3 Nc6 4. Bg2 Be7 5. e3 O-O 6. Nge2 d6 7. O-O Bg4 8. a3 Re8 9. Qc2 Qd7 10. f4 Bh3 11. Ne4 Bxg2 12. Kxg2 exf4 13. Nxf6+ Bxf6 14. Nxf4 Ne5 15. Nd5 Bd8 16. b3 c6 17. Nf4 Ng6 18. Bb2 Nxf4+ 19. Rxf4 d5 20. Raf1 f6 21. Rh4 f5 22. Rxf5 Bxh4 23. Rh5 g6 24. Rxh4 Rf8 25. Qc3 d4 26. Rxd4 Qg7 27. Qc2 h6 28. Rd6 Qf7 29. Rxg6+ 1-0

[Event "Annex CC Get Your Skates On"]
[Site "Toronto CAN"]
[Date "2017.12.04"]
[Round "1"]
[White "Tuong, Rose"]
[Black "Chandra, Ambarish"]
[Result "0-1"]
[WhiteElo "1046"]
[BlackElo "731"]
[WhiteFideId "-1"]
[WhiteFideId "-1"]
[PlyCount "64"]
[GameId "2160767908300540"]
[EventDate "2017.12.04"]
[EventType "swiss"]
[EventRounds "5"]
[EventCountry "CAN"]

1. e4 c5 2. Nf3 d6 3. c3 Nf6 4. Be2 Nc6 5. d3 h6 6. h3 e5 7. Be3 Be6 8. O-O d5 9. exd5 Nxd5 10. Bd2 Bd6 11. c4 Nf4 12. Nc3 O-O 13. Bxf4 exf4 14. d4 cxd4 15. Nxd4 Nxd4 16. Qxd4 f3 17. Bxf3 Bh2+ 18. Kxh2 Qxd4 19. Be2 Bxc4 20. Rfd1 Qe5+ 21. g3 Bxe2 22. Re1 Qf5 23. Rxe2 Rad8 24. Kg2 Rfe8 25. Rxe8+ Rxe8 26. Rd1 Qc2 27. Rd7 Qxb2 28. Nd5 Re2 29. h4 Rxf2+ 30. Kh3 Rh2+ 31. Kg4 Qe2+ 32. Kf4 Rf2# 0-1

[Event "Annex CC-ch"]
[Site "Toronto CAN"]
[Date "2017.02.27"]
[Round "1"]
[White "Malakhovets, Sergey"]
[Black "Southam, David"]
[Result "0-1"]
[WhiteElo "2067"]
[BlackElo "2233"]
[WhiteFideId "-1"]
[WhiteFideId "-1"]
[PlyCount "78"]
[GameId "2160767908478391"]
[EventDate "2017.02.27"]
[EventType "swiss"]
[EventRounds "6"]
[EventCountry "CAN"]

1. c4 e5 2. Nc3 Nf6 3. Nf3 Nc6 4. a3 d5 5. cxd5 Nxd5 6. Qc2 Nxc3 7. bxc3 Bd6 8. e3 O-O 9. d4 Qe7 10. Be2 Kh8 11. O-O Bg4 12. h3 Bd7 13. c4 b6 14. c5 bxc5 15. d5 Nd8 16. Bd3 f5 17. e4 f4 18. Bb2 Nf7 19. Kh1 Rg8 20. Be2 g6 21. Qd2 Rg7 22. Nh2 h5 23. Bc3 Rag8 24. Qd1 Ng5 25. Qd3 Nh7 26. Rfb1 Nf6 27. Kg1 g5 28. Kf1 g4 29. hxg4 hxg4 30. Ke1 g3 31. fxg3 Rxg3 32. Bf3 Nh7 33. Ra2 Qh4 34. Kd1 Qxh2 35. Be1 Rxf3 36. Qxf3 Bg4 37. Qxg4 Rxg4 38. Rbb2 Qh5 39. Kc1 Qg6 0-1

[Event "Annex CC-ch"]
[Site "Toronto CAN"]
[Date "2017.02.27"]
[Round "1"]
[White "McSherry, Peter"]
[Black "Liu, Lambert"]
[Result "0-1"]
[WhiteElo "2041"]
[BlackElo "2185"]
[WhiteFideId "-1"]
[WhiteFideId "-1"]
[PlyCount "92"]
[GameId "2160767908478392"]
[EventDate "2017.02.27"]
[EventType "swiss"]
[EventRounds "6"]
[EventCountry "CAN"]

1. d4 f5 2. c4 Nf6 3. Nf3 g6 4. g3 Bg7 5. Bg2 O-O 6. Nc3 d6 7. O-O c6 8. Qc2 Na6 9. a3 Qe8 10. b4 Nc7 11. Bb2 e5 12. dxe5 dxe5 13. e3 e4 14. Nd4 Ng4 15. Rfe1 Ne5 16. Nce2 c5 17. Nb5 Nxb5 18. cxb5 cxb4 19. Bxe5 Qxe5 20. Rab1 bxa3 21. Qb3+ Be6 22. Qxa3 Rfd8 23. Nd4 Bc4 24. Bf1 Bxf1 25. Rxf1 Qd6 26. Qxd6 Rxd6 27. Rfc1 Bxd4 28. exd4 Rad8 29. Rc7 R8d7 30. Rxd7 Rxd7 31. Rb4 Kf7 32. Kf1 Ke6 33. Ke2 Rd6 34. Ra4 Rd5 35. Rxa7 Rxb5 36. Ra4 Kd5 37. h4 Rb2+ 38. Ke3 Rb3+ 39. Ke2 b5 40. Ra7 Kxd4 41. Rxh7 Rb2+ 42. Ke1 b4 43. h5 gxh5 44. Rxh5 Kd3 45. Kf1 b3 46. Rxf5 Rc2 0-1

[Event "Annex CC-ch"]
[Site "Toronto CAN"]
[Date "2017.02.27"]
[Round "1"]
[White "Zotkin, Daniel"]
[Black "England, Max"]
[Result "0-1"]
[WhiteElo "2202"]
[BlackElo "2066"]
[WhiteFideId "-1"]
[WhiteFideId "-1"]
[PlyCount "102"]
[GameId "2160767908478393"]
[EventDate "2017.02.27"]
[EventType "swiss"]
[EventRounds "6"]
[EventCountry "CAN"]

1. e4 e5 2. Nf3 Nc6 3. Bb5 a6 4. Ba4 Nf6 5. d3 b5 6. Bb3 Be7 7. Nbd2 d6 8. c3 O-O 9. Nf1 Na5 10. Bc2 c5 11. Ng3 Qc7 12. O-O Bd7 13. h3 Rfe8 14. Re1 Rac8 15. Nf5 Bxf5 16. exf5 Nd7 17. Be3 d5 18. Rc1 d4 19. Bg5 Bxg5 20. Nxg5 Nf6 21. cxd4 exd4 22. Rxe8+ Rxe8 23. b4 Qf4 24. Nxf7 Kxf7 25. bxa5 Qxf5 26. Bb3+ Kf8 27. g4 Qg5 28. Qc2 Re5 29. Rf1 Qh4 30. f4 Qg3+ 31. Qg2 Re3 32. Rc1 Qxf4 33. Rf1 Qb8 34. g5 Rg3 35. gxf6 Rxg2+ 36. Kxg2 gxf6 37. Rxf6+ Kg7 38. Rb6 Qa8+ 39. Kf2 Qh1 40. Rxa6 Qh2+ 41. Ke1 Qg1+ 42. Kd2 Qe3+ 43. Kc2 Qe2+ 44. Kc1 c4 45. Ra7+ Kf6 46. Bd1 Qe3+ 47. Kb1 Qd2 48. Bc2 Qe1+ 49. Kb2 Qc3+ 50. Kb1 cxd3 51. Bb3 d2 0-1

[Event "Annex CC-ch"]
[Site "Toronto CAN"]
[Date "2017.03.06"]
[Round "2"]
[White "Qiao, Cindy"]
[Black "Emuakpeje, Ochuko"]
[Result "0-1"]
[WhiteElo "1885"]
[BlackElo "2211"]
[WhiteFideId "-1"]
[WhiteFideId "-1"]
[PlyCount "88"]
[GameId "2160767908478394"]
[EventDate "2017.02.27"]
[EventType "swiss"]
[EventRounds "6"]
[EventCountry "CAN"]

1. e4 c5 2. Nf3 d6 3. d4 cxd4 4. Qxd4 a6 5. Bc4 e6 6. O-O Nc6 7. Qd3 Nf6 8. Bg5 Be7 9. Nc3 Qc7 10. Rad1 Nb4 11. Qe2 O-O 12. Bb3 b5 13. Qd2 Bb7 14. Bxf6 gxf6 15. Nxb5 axb5 16. Qxb4 d5 17. Qd2 dxe4 18. Nd4 Qe5 19. Qh6 Bc5 20. c3 Rad8 21. Nc2 Kh8 22. Ne3 f5 23. Rxd8 Rxd8 24. Rd1 Rxd1+ 25. Bxd1 f4 26. Ng4 Qf5 27. Qf6+ Qxf6 28. Nxf6 e3 29. fxe3 Bxe3+ 30. Kf1 Bc1 31. b3 Bb2 32. Nh5 Bxc3 33. Nxf4 Be5 34. g3 Kg7 35. a4 bxa4 36. bxa4 Kf6 37. Kf2 Bd4+ 38. Ke2 Ke5 39. Bc2 h6 40. Bh7 Kd6 41. Bg8 e5 42. Nh5 Ba6+ 43. Kf3 f5 44. Bb3 e4+ 0-1

[Event "Annex CC-ch"]
[Site "Toronto CAN"]
[Date "2017.03.06"]
[Round "2"]
[White "Zotkin, Daniel"]
[Black "Li, William"]
[Result "1-0"]
[WhiteElo "2202"]
[BlackElo "2179"]
[WhiteFideId "-1"]
[WhiteFideId "-1"]
[PlyCount "61"]
[GameId "2160767908478395"]
[EventDate "2017.02.27"]
[EventType "swiss"]
[EventRounds "6"]
[EventCountry "CAN"]

1. e4 c5 2. Nf3 d6 3. Bb5+ Bd7 4. Bxd7+ Nxd7 5. O-O e6 6. c3 Ngf6 7. Re1 Be7 8. d4 cxd4 9. cxd4 d5 10. e5 Ne4 11. Nbd2 Nxd2 12. Bxd2 O-O 13. h3 Nb6 14. b3 Rc8 15. Nh2 Ba3 16. Qg4 Kh8 17. Re3 Rc2 18. Rg3 Rg8 19. Bg5 Qc8 20. Qh4 Bc1 21. Ng4 Bxg5 22. Qxg5 Qd8 23. Qf4 Qe7 24. Rd1 Rxa2 25. Rdd3 Rc8 26. Nf6 Nd7 27. Rxg7 Nxf6 28. exf6 Qc7 29. Qxc7 Rxc7 30. Rdg3 Rc8 31. R3g4 1-0

[Event "Annex CC-ch"]
[Site "Toronto CAN"]
[Date "2017.03.13"]
[Round "3"]
[White "Emuakpeje, Ochuko"]
[Black "Stefanovic, Miroslav"]
[Result "1-0"]
[WhiteElo "2211"]
[BlackElo "2136"]
[WhiteFideId "-1"]
[WhiteFideId "-1"]
[PlyCount "41"]
[GameId "2160767908478396"]
[EventDate "2017.02.27"]
[EventType "swiss"]
[EventRounds "6"]
[EventCountry "CAN"]

1. d4 d5 2. c4 c6 3. Nf3 Nf6 4. Nc3 a6 5. Qb3 dxc4 6. Qxc4 Bf5 7. Qb3 Ra7 8. Ng5 e6 9. e4 Bg6 10. Bd3 Ng4 11. Nxe6 Qc8 12. Nxf8 Kxf8 13. Bf4 Nd7 14. Be2 Ngf6 15. e5 Ne4 16. Nxe4 Bxe4 17. e6 Nf6 18. Bd6+ Ke8 19. exf7+ Kd7 20. Bc5 Bd5 21. Qg3 1-0

[Event "Annex CC-ch"]
[Site "Toronto CAN"]
[Date "2017.03.13"]
[Round "3"]
[White "Noritsyn, Sergey"]
[Black "Southam, David"]
[Result "0-1"]
[WhiteElo "2265"]
[BlackElo "2233"]
[WhiteFideId "-1"]
[WhiteFideId "-1"]
[PlyCount "102"]
[GameId "2160767908478397"]
[EventDate "2017.02.27"]
[EventType "swiss"]
[EventRounds "6"]
[EventCountry "CAN"]

1. e4 e6 2. d4 d5 3. Nc3 Bb4 4. e5 c5 5. a3 Bxc3+ 6. bxc3 Qc7 7. Nf3 b6 8. Bb5+ Bd7 9. a4 Bxb5 10. axb5 a5 11. O-O Ne7 12. Nh4 Ng6 13. Bg5 h6 14. Nxg6 fxg6 15. Bh4 O-O 16. f4 Qf7 17. g4 Nd7 18. Qd3 Rfc8 19. f5 gxf5 20. gxf5 exf5 21. Rxf5 Qe6 22. Kh1 Rf8 23. Rxf8+ Rxf8 24. Rg1 Rf5 25. Qg3 g5 26. Qh3 Rxe5 27. Qg3 Re2 28. Qf3 Qe4 29. Qxe4 Rxe4 30. Bf2 c4 31. Kg2 Nf6 32. Bg3 Re2+ 33. Kh1 Re6 34. Kg2 Ne4 35. Be5 Nxc3 36. Kf3 Kf7 37. h4 Kg6 38. hxg5 hxg5 39. Rh1 Nxb5 40. Rh8 Na3 41. c3 Nb5 42. Kg4 a4 43. Rg8+ Kf7 44. Ra8 a3 45. Kxg5 Re7 46. Rh8 a2 47. Rh1 Nxc3 48. Kf5 b5 49. Bd6 Re2 50. Rh7+ Ke8 51. Ra7 Na4 0-1

[Event "Annex CC-ch Reserves"]
[Site "Toronto CAN"]
[Date "2017.02.27"]
[Round "1"]
[White "Belcadi, Salim"]
[Black "Chodoriwsky, David"]
[Result "1-0"]
[WhiteElo "1617"]
[BlackElo "1212"]
[WhiteFideId "-1"]
[WhiteFideId "-1"]
[PlyCount "55"]
[GameId "2160767908478398"]
[EventDate "2017.02.27"]
[EventType "swiss"]
[EventRounds "6"]
[EventCountry "CAN"]

1. d4 Nf6 2. c4 e6 3. Nc3 Bb4 4. e3 Bxc3+ 5. bxc3 O-O 6. Bd3 d6 7. Ne2 b6 8. O-O Bb7 9. Ng3 Nbd7 10. Ba3 c5 11. Rb1 Qc7 12. Qd2 h6 13. f4 Rfe8 14. e4 e5 15. fxe5 dxe5 16. d5 Kh7 17. Rf3 Rf8 18. Rbf1 Rae8 19. Bc1 Kg8 20. Rxf6 Nxf6 21. Rxf6 Qe7 22. Rf3 Bc8 23. Nf5 Bxf5 24. Rxf5 Rd8 25. Qf2 Rd6 26. Qg3 g6 27. Qxe5 Re6 28. dxe6 1-0

[Event "Annex CC-ch Reserves"]
[Site "Toronto CAN"]
[Date "2017.03.06"]
[Round "2"]
[White "Ramesh, Bharath"]
[Black "Souchko, Larissa"]
[Result "1-0"]
[WhiteElo "1660"]
[BlackElo "1006"]
[WhiteFideId "-1"]
[WhiteFideId "-1"]
[PlyCount "46"]
[GameId "2160767908478399"]
[EventDate "2017.02.27"]
[EventType "swiss"]
[EventRounds "6"]
[EventCountry "CAN"]

1. e4 c5 2. c3 d6 3. d4 Nd7 4. Nf3 e6 5. Bd3 h6 6. O-O Ngf6 7. Re1 a6 8. e5 Nd5 9. exd6 Bxd6 10. c4 Ne7 11. Nc3 O-O 12. d5 e5 13. Ne4 Bc7 14. d6 Ba5 15. dxe7 Qxe7 16. Bd2 Bxd2 17. Qxd2 f6 18. Nd6 b6 19. Nxc8 Raxc8 20. Bf5 Rcd8 21. Qd5+ Kh8 22. Nh4 Qf7 23. Ng6+ Kg8 1-0

[Event "Annex CC-ch Reserves"]
[Site "Toronto CAN"]
[Date "2017.03.13"]
[Round "3"]
[White "Diemer, Ulli"]
[Black "Belcadi, Salim"]
[Result "1-0"]
[WhiteElo "1648"]
[BlackElo "1617"]
[WhiteFideId "-1"]
[WhiteFideId "-1"]
[PlyCount "97"]
[GameId "2160767908478400"]
[EventDate "2017.02.27"]
[EventType "swiss"]
[EventRounds "6"]
[EventCountry "CAN"]

1. Nf3 c5 2. b3 e6 3. Bb2 Nf6 4. c4 d5 5. e3 Nc6 6. Be2 Bd6 7. O-O d4 8. exd4 cxd4 9. d3 O-O 10. Nbd2 e5 11. Re1 Bf5 12. Ng5 Re8 13. Nge4 Bb4 14. Nxf6+ Qxf6 15. a3 Ba5 16. b4 Bc7 17. Bf1 Rad8 18. Ne4 Qg6 19. f3 Rd7 20. Nc5 Rde7 21. Nxb7 Bb6 22. c5 Rxb7 23. cxb6 Rxb6 24. Rc1 Nd8 25. Bxd4 Rb5 26. Bxa7 Ne6 27. Rc6 Rd5 28. Qb3 Red8 29. Bb6 Rxd3 30. Bxd3 Rxd3 31. Qa4 h6 32. Qa8+ Kh7 33. Rc8 Qg5 34. Rc2 Rd2 35. Rxd2 Qxd2 36. Bf2 Nf4 37. Qa7 Nd3 38. Qe3 Qb2 39. Rf1 Qxa3 40. b5 Qd6 41. Rd1 Qg6 42. b6 Bh3 43. g3 Nxf2 44. Qxf2 Qc6 45. Qe3 f5 46. Re1 Qc2 47. Qf2 Qc6 48. Rxe5 g5 49. Qc5 1-0

[Event "Annex CC-ch Reserves"]
[Site "Toronto CAN"]
[Date "2017.03.13"]
[Round "3"]
[White "Gelowitz, Mark"]
[Black "Vigneswaramoorthy, Vinorth"]
[Result "0-1"]
[WhiteElo "1450"]
[BlackElo "1635"]
[WhiteFideId "-1"]
[WhiteFideId "-1"]
[PlyCount "60"]
[GameId "2160767908478401"]
[EventDate "2017.02.27"]
[EventType "swiss"]
[EventRounds "6"]
[EventCountry "CAN"]

1. d4 Nf6 2. Nf3 g6 3. e3 Bg7 4. Nbd2 O-O 5. Be2 d5 6. c4 c6 7. Ne5 Nbd7 8. f4 Nxe5 9. dxe5 Nd7 10. O-O Nc5 11. b4 Ne4 12. Nxe4 dxe4 13. Bb2 Qb6 14. Qb3 Rd8 15. Rad1 Be6 16. Rd4 c5 17. bxc5 Qxc5 18. Ba3 Qc7 19. Rxe4 Rd2 20. Bd3 Rxd3 21. Qxd3 Bf5 22. g4 Bxe4 23. Qxe4 Rd8 24. Rf2 Rd1+ 25. Kg2 Qd7 26. h3 f5 27. gxf5 gxf5 28. Qc2 Qc6+ 29. e4 fxe4 30. Kg3 Rd3+ 0-1

[Event "Aurora CC Deep Freeze"]
[Site "Aurora CAN"]
[Date "2017.01.09"]
[Round "1"]
[White "Pishdad, Hassan"]
[Black "He, Robert"]
[Result "1-0"]
[WhiteElo "931"]
[BlackElo "813"]
[WhiteFideId "-1"]
[WhiteFideId "-1"]
[PlyCount "63"]
[GameId "2160767908474964"]
[EventDate "2017.01.09"]
[EventType "swiss"]
[EventRounds "7"]
[EventCountry "CAN"]

1. d4 d5 2. c4 c6 3. cxd5 cxd5 4. Nf3 Bg4 5. e3 Nf6 6. Be2 Ne4 7. O-O e6 8. h3 Bh5 9. Nc3 Bd6 10. Nxe4 dxe4 11. Nd2 f5 12. Bxh5+ g6 13. Be2 O-O 14. Bc4 Re8 15. Qb3 Qf6 16. Qxb7 Na6 17. Qxa6 Red8 18. Qa4 Kg7 19. b4 Rdc8 20. Qb3 a5 21. Bxe6 Rcb8 22. b5 Bb4 23. a4 Rb6 24. Bb2 Rxe6 25. d5 Re5 26. Nc4 Bd6 27. Rac1 Rc8 28. Nxd6 Rxc1 29. Rxc1 Qxd6 30. Rc6 Qxd5 31. Qxd5 Kh8 32. Bxe5# 1-0

[Event "Aurora CC-ch"]
[Site "Aurora CAN"]
[Date "2017.03.27"]
[Round "2"]
[White "Pishdad, Hassan"]
[Black "Xing, Blair"]
[Result "1-0"]
[WhiteElo "895"]
[BlackElo "1068"]
[WhiteFideId "-1"]
[WhiteFideId "-1"]
[PlyCount "77"]
[GameId "2160767908478070"]
[EventDate "2017.03.20"]
[EventType "swiss"]
[EventRounds "9"]
[EventCountry "CAN"]

1. d4 d5 2. c4 Nf6 3. Nf3 b6 4. cxd5 Nxd5 5. e4 Nf6 6. Qa4+ Bd7 7. Qc2 Nc6 8. a3 e6 9. Ba6 Bc8 10. Bxc8 Nb8 11. Bb7 Nbd7 12. Bxa8 Qxa8 13. e5 Nd5 14. O-O c5 15. Be3 Be7 16. Nc3 Nxe3 17. fxe3 O-O 18. Nb5 Qb8 19. Qa4 a5 20. Qc4 Rd8 21. Rac1 Rc8 22. a4 h6 23. Qc2 g6 24. Qe4 Kg7 25. h3 Rf8 26. d5 exd5 27. Qxd5 Rd8 28. Qe4 f6 29. e6 f5 30. Qc6 Ne5 31. Qc7 Nxf3+ 32. Rxf3 Qxc7 33. Nxc7 Rd2 34. Rf2 Rd8 35. Rcf1 Rf8 36. e4 fxe4 37. Rxf8 Bxf8 38. Ne8+ Kh7 39. Rxf8 1-0

[Event "Aurora CC-ch"]
[Site "Aurora CAN"]
[Date "2017.04.10"]
[Round "3"]
[White "Liao, Yilin"]
[Black "Pishdad, Hassan"]
[Result "0-1"]
[WhiteElo "981"]
[BlackElo "895"]
[WhiteFideId "-1"]
[WhiteFideId "-1"]
[PlyCount "51"]
[GameId "2160767908478071"]
[EventDate "2017.03.20"]
[EventType "swiss"]
[EventRounds "9"]
[EventCountry "CAN"]

1. e4 c5 2. c3 e6 3. d4 d5 4. Bd3 Nc6 5. Be3 cxd4 6. cxd4 Bb4+ 7. Nc3 Nge7 8. a3 Ba5 9. Qg4 Ng6 10. Qf3 Qb6 11. b4 Bxb4 12. axb4 Qxb4 13. Rc1 Nxd4 14. Bxd4 Qxd4 15. exd5 Ne5 16. Bb5+ Bd7 17. Bxd7+ Kxd7 18. dxe6+ Kxe6 19. Qh3+ f5 20. Rd1 Qb4 21. Nge2 Rad8 22. O-O h6 23. Qe3 a6 24. Rxd8 Rxd8 25. f4 Rd3 26. Qxe5+ 0-1

[Event "Aurora CC-ch"]
[Site "Aurora CAN"]
[Date "2017.04.24"]
[Round "4"]
[White "Inglis, John"]
[Black "Pishdad, Hassan"]
[Result "0-1"]
[WhiteElo "1135"]
[BlackElo "912"]
[WhiteFideId "-1"]
[WhiteFideId "-1"]
[PlyCount "70"]
[GameId "2160767908478072"]
[EventDate "2017.03.20"]
[EventType "swiss"]
[EventRounds "9"]
[EventCountry "CAN"]

1. e4 c5 2. Nc3 e6 3. Nf3 d5 4. exd5 exd5 5. Bb5+ Nc6 6. O-O Be7 7. Ne5 Bd7 8. Nxd7 Qxd7 9. Qf3 Nf6 10. d3 a6 11. Ba4 O-O 12. h3 b5 13. Bb3 Nd4 14. Qg3 b4 15. Bh6 g6 16. Bxf8 bxc3 17. Bxe7 Ne2+ 18. Kh2 Nxg3 19. fxg3 Ne8 20. Bxc5 Rc8 21. Bd4 cxb2 22. Bxb2 Nc7 23. a4 Ne6 24. a5 h5 25. Ba4 Qd6 26. Ba3 Qe5 27. Rab1 h4 28. Kh1 Qxg3 29. Rf3 Qc7 30. Rb6 Qc3 31. Bb2 Qe1+ 32. Kh2 Ng5 33. Rf4 Qg3+ 34. Kh1 Qxf4 35. Ba3 Qxa4 0-1

[Event "Aurora CC-ch"]
[Site "Aurora CAN"]
[Date "2017.05.01"]
[Round "5"]
[White "Pishdad, Hassan"]
[Black "Gillis, Doug"]
[Result "1-0"]
[WhiteElo "912"]
[BlackElo "1432"]
[WhiteFideId "-1"]
[WhiteFideId "-1"]
[PlyCount "136"]
[GameId "2160767908478073"]
[EventDate "2017.03.20"]
[EventType "swiss"]
[EventRounds "9"]
[EventCountry "CAN"]

1. d4 d5 2. c4 Nc6 3. e3 e6 4. cxd5 Qxd5 5. Nc3 Bb4 6. Bd2 Bxc3 7. Bxc3 Nf6 8. Nf3 Ne4 9. Qd3 Nxc3 10. Qxc3 Qa5 11. Qxa5 Nxa5 12. b4 Nc6 13. a3 a6 14. Bc4 O-O 15. O-O b5 16. Bb3 Bb7 17. d5 exd5 18. Bxd5 Nd8 19. Bxb7 Nxb7 20. Rac1 c5 21. bxc5 Rac8 22. c6 Na5 23. Nd4 Nc4 24. a4 Rfd8 25. axb5 axb5 26. Nxb5 Rxc6 27. Nd4 Rcc8 28. g3 Kf8 29. Kg2 g6 30. Rfe1 Ke7 31. Rc2 Ne5 32. Rec1 Rxc2 33. Rxc2 Ra8 34. f4 Ng4 35. Re2 Ra3 36. Kf3 h5 37. h3 Nf6 38. g4 hxg4+ 39. hxg4 Nd5 40. f5 gxf5 41. gxf5 Kf6 42. Re1 Ne7 43. Kf4 Ra4 44. Rd1 Nxf5 45. Kf3 Ra3 46. Nxf5 Kxf5 47. Rd5+ Ke6 48. Rd4 Ra1 49. Ke4 Ra3 50. Kf3 f6 51. Kf4 Ra1 52. Re4+ Kd5 53. Rd4+ Kc5 54. Ke4 Rh1 55. Rd5+ Kc4 56. Rf5 Rh4+ 57. Rf4 Rh5 58. Rxf6 Kc5 59. Rf5+ Rxf5 60. Kxf5 Kd6 61. e4 Ke7 62. Ke5 Ke8 63. Kf6 Kf8 64. e5 Ke8 65. Ke6 Kd8 66. Kf7 Kd7 67. e6+ Kd8 68. Kf8 Kc7 1-0

[Event "Aurora Fall op"]
[Site "Aurora CAN"]
[Date "2017.10.14"]
[Round "1.3"]
[White "Wang, Constance"]
[Black "Hua, Eugene"]
[Result "0-1"]
[WhiteElo "1991"]
[BlackElo "2220"]
[WhiteFideId "-1"]
[WhiteFideId "-1"]
[PlyCount "106"]
[GameId "2160767908317437"]
[EventDate "2017.10.14"]
[EventType "swiss"]
[EventRounds "5"]
[EventCountry "CAN"]
[SourceTitle "10 Days #522"]
[Source "Chess Mix"]
[SourceDate "2017.10.20"]
[SourceVersion "1"]
[SourceVersionDate "2017.10.20"]
[SourceQuality "1"]

1. e4 d5 2. exd5 Qxd5 3. Nc3 Qd6 4. d4 c6 5. Nf3 Nf6 6. Be2 Bg4 7. O-O e6 8. h3 Bxf3 9. Bxf3 Nbd7 10. Bg5 Qc7 11. Re1 O-O-O 12. Qd2 Bd6 13. a4 h6 14. Be3 Nb6 15. Qe2 a5 16. Ne4 Nxe4 17. Bxe4 f5 18. Bd3 Rhe8 19. Bd2 Nd5 20. Qf3 Bf4 21. Rad1 Bxd2 22. Rxd2 Qf4 23. Qxf4 Nxf4 24. c3 Kc7 25. Re5 Rd5 26. Rxd5 Nxd5 27. Rd1 Kd6 28. Re1 g6 29. g3 e5 30. Rxe5 Rxe5 31. dxe5+ Kxe5 32. f4+ Kd6 33. Kf2 Nb6 34. Bc2 Nc4 35. b4 axb4 36. cxb4 Kd5 37. g4 Nd6 38. Bd3 Kd4 39. Ke2 Ne4 40. a5 Ng3+ 41. Kd2 h5 42. gxf5 Nxf5 43. Ke2 Kc3 44. b5 cxb5 45. Bb1 b4 46. Kd1 b3 47. Be4 b2 48. Bb1 Ne3+ 49. Ke2 Nc2 50. Kd1 Na3 51. Bxg6 Kd4 52. Kd2 b1=Q 53. Bxb1 Nxb1+ 0-1

[Event "Aurora Fall op"]
[Site "Aurora CAN"]
[Date "2017.10.14"]
[Round "1.7"]
[White "Kang, Dorian"]
[Black "Dukic, Zachary"]
[Result "1-0"]
[WhiteElo "1757"]
[BlackElo "2020"]
[WhiteFideId "-1"]
[WhiteFideId "-1"]
[PlyCount "61"]
[GameId "2160767908317439"]
[EventDate "2017.10.14"]
[EventType "swiss"]
[EventRounds "5"]
[EventCountry "CAN"]
[SourceTitle "10 Days #522"]
[Source "Chess Mix"]
[SourceDate "2017.10.20"]
[SourceVersion "1"]
[SourceVersionDate "2017.10.20"]
[SourceQuality "1"]

1. c4 Nf6 2. Nc3 g6 3. e4 d6 4. d4 Bg7 5. f4 O-O 6. Nf3 c5 7. d5 e6 8. Be2 exd5 9. exd5 Re8 10. O-O Ng4 11. h3 Ne3 12. Bxe3 Rxe3 13. Qd2 Re8 14. Bd3 Na6 15. Rae1 Bd7 16. Rxe8+ Bxe8 17. f5 Qa5 18. g4 Nc7 19. g5 b5 20. f6 Bf8 21. Nxb5 Qxd2 22. Nxd2 Bxb5 23. cxb5 Re8 24. Bc4 Re5 25. Nf3 Rf5 26. Kg2 h6 27. h4 Rf4 28. b3 Rf5 29. Rd1 Rf4 30. Kg3 Rf5 31. a4 1-0